Manchester United - Sir Alex Ferguson Quiz - Statistics

General Stats
  • This quiz has been taken 551 times
  • The average score is 5 of 7
Answer Stats
Hint Answer % Correct
Number of league titles he has won 13
95%
Year United won the Treble 1999
95%
Year he was appointed manager of Manchester United 1986
93%
Player who Ferguson famously kicked in the head with a boot David Beckham
84%
Year that Ferguson was born 1941
78%
Club who his son, Darren Ferguson manages Peterborough United
43%
First team he played for Queen's Park
16%
No matching quizzes found
Score Distribution
Percent of People with Each Score
Percentile by Number Answered
Your Score History
You have not taken this quiz